000 00854nam a22002535i 4500
001 176453
003 ES-MaACL
005 20250829131835.0
008 110117s1967 sp |||| | spa d
080 _a2:37
080 _a27-535.7
100 1 _aSchieber, Javier.
_9144785
245 1 3 _aEl Magnificat
_b: el canto de la Virgen de los pobres /
_cpor X. Schieber.
260 _aMadrid :
_bApostolado de la Prensa,
_c[1967]
300 _a24 p. ;
_c23 cm.
490 1 _aCuadernos de pedagogía religiosa. Escritura ;
_v10
650 4 _aReligión-
_xEnseñanza.
_9144779
650 4 _aCantos religiosos.
_9144783
710 2 _aApostolado de la Prensa.
_91403
830 1 0 _aCuadernos de pedagogía religiosa
_v10
_9190056
852 4 _aES-MaACL
_jE-14073(10)
_xOlim P-1242
852 4 _aES-MaACL
_jC-37117(10)
999 _c176453
_d176453